Acteurs de Harry Potter par image - Statistiques

Statistiques générales
  • Ce quiz a été pris 3 763 fois
  • Le résultat moyen est 10 sur 25
Statistiques - réponses
Par images Réponse % Correct
Emma Watson
99%
Rupert Grint
89%
Daniel Radcliffe
88%
Tom Felton
87%
Alan Rickman
64%
Robert Pattinson
60%
Bonnie Wright
54%
Helena Bonham Carter
53%
Evanna Lynch
48%
Matthew Lewis
48%
Gary Oldman
41%
Robbie Coltrane
36%
James Phelps
30%
Oliver Phelps
30%
Emma Thompson
21%
David Thewlis
20%
Katie Leung
17%
Natalia Tena
17%
Kenneth Branagh
15%
Jason Isaacs
14%
Imelda Staunton
13%
Julie Walters
13%
Helen McCrory
9%
Mark Williams
8%
Miriam Margolyes
5%
Aucun quiz correspondant
Distribution des résultats
% des personnes avec chaque résultat
Percentile par nombre de réponses
Votre historique - résultats
Vous n’avez pas pris ce quiz